Οι μεγάλες κατακτήσεις της οθωμανικής αυτοκρατορίας τον 15ο και τον 16ο αιώνα : πτυχιακή εργασία
Αποθηκεύτηκε σε:
| Κύριος συγγραφέας: | |
|---|---|
| Συγγραφή απο Οργανισμό/Αρχή: | |
| Μορφή: | Thesis Βιβλίο |
| Γλώσσα: | Greek |
| Δημοσίευση: |
Ρόδος :
Πανεπιστήμιο Αιγαίου, Τμήμα Μεσογειακών Σπουδών,
2003.
|
| Θέματα: | |
| Ετικέτες: |
Προσθήκη ετικέτας
Δεν υπάρχουν, Καταχωρήστε ετικέτα πρώτοι!
|
MARC
| LEADER | 00000cam a2200000 i 4500 | ||
|---|---|---|---|
| 001 | 1/55374 | ||
| 008 | 040519s2003 gre d | ||
| 035 | |l 10073418 | ||
| 040 | |a GR-MY-UA |b gre |e aacr | ||
| 041 | 0 | |a gre | |
| 082 | 7 | |a 956.015 |2 (21) | |
| 100 | 1 | |a Μπούνια, Κωνσταντίνα. | |
| 245 | 1 | 3 | |a Οι μεγάλες κατακτήσεις της οθωμανικής αυτοκρατορίας τον 15ο και τον 16ο αιώνα : |b πτυχιακή εργασία / |c Μπούνια Κωνσταντίνα ; επιβλέπων καθηγητής: Αλ. Σαββίδης ; συνεισηγητής: Ι. Σακκάς. |
| 260 | |a Ρόδος : |b Πανεπιστήμιο Αιγαίου, Τμήμα Μεσογειακών Σπουδών, |c 2003. | ||
| 300 | |a 63 σ. : |b εικ., χαρτ. ; |c 30 εκ. | ||
| 502 | |a Πτυχιακή εργασία – Πανεπιστήμιο Αιγαίου, Ρόδος, 2003. | ||
| 504 | |a Περιέχει βιβλιογραφικές αναφορές. | ||
| 610 | 2 | 0 | |a University of the Aegean |x Dissertations. |
| 650 | 0 | 0 | |a Dissertations, Academic |z Greece. |
| 651 | 0 | |a Turkey |x History |y Ottoman Empire, 1288-1918. | |
| 700 | 1 | |a Σαββίδης, Αλέξης Γ. Κ., |d 1955- |e dgs | |
| 700 | 1 | |a Σακκάς, Ιωάννης Δ. |e dgs | |
| 710 | 2 | |a Πανεπιστήμιο Αιγαίου. |b Σχολή Ανθρωπιστικών Σπουδών. |b Τμήμα Μεσογειακών Σπουδών. | |
| 852 | |a INST |b RHODES |c DIATR |e 20040519 |h 956.015 ΜΠΟ |p 005400019068 |q 005400019068 |t DIE |y 23 | ||
| 901 | |a BIBL4-2004-2 | ||
| 909 | |a Ρ |b 109447 | ||
| 924 | |a ΜΠΟΥΝΙΑ |b ΚΩΝΣΤΑΝΤΙΝΑ |y Ρόδος |z 2003-09 | ||
| 970 | |a ΚΟΥΛΑΚΙΟΤΗ |b ΛΙΤΣΑ |z 2004/05/19 | ||